000 00364nam a2200157 4500
005 20250509054448.0
008 250509b |||||||| |||| 00| 0 eng d
020 _a8190366351
082 _222
_a894
_bOND
100 _aYugabharathi
245 _aOndru
260 _aChennai
_bNehr Nirai
_c2007
300 _a142 p .,
500 _aCollection of essays
942 _cL
999 _c6035
_d6035